Capitales d'Amérique en B - Statistiques

Statistiques générales
  • Ce quiz a été pris 63 fois
  • Le résultat moyen est 4 sur 6
Statistiques - réponses
Réponse % Correct
Bogotá
85%
Brasilia
82%
Buenos Aires
80%
Bridgetown
45%
Belmopan
44%
Basseterre
27%
Aucun quiz correspondant
Distribution des résultats
% des personnes avec chaque résultat
Percentile par nombre de réponses
Votre historique - résultats
Vous n’avez pas pris ce quiz